=LDR 00000nam 2200000 4500 =001 INLIS000000001052401 =990 ##$$a 3202401787 =005 20240829074621 =035 ##$$a 0010-0824000219 =007 ta =008 240829################b##########1###### =020 ##$$a 978-89-6329-606-7 =082 ##$$a 028.55 =084 ##$$a 028.55 LEE k =100 #$$a Lee Hyeon =245 1#$$a Kongdak-kongdak berputar-putr /$c Lee Hyeon =260 ##$$a Tolstoy Korea :$b Gyeonggi-do =300 ##$$a 31 hlm : $b ilus ; $c 21,5 x 26 cm =650 #4$$a Bacaan Kanak-kanak =990 ##$$a 17871787